000
00202 a2200097 4500
001
688
100
_a
King,H.W.P
245
_a
Theory of lianear antennes
260
_a
_b
Cambridge
_c
090
_c
286
_d
286
942
_a
NUST-CAE
_c
M
_c
20668
999
_c
235761
_d
235761